Vliv východoasijských přímých investic na ekonomiku a podnikatelskou kulturu v České republice

Korene ázijského manažmentu a podnikateľská kultúra. Podnikateľské prostredie Japonska, Číny a Kórei. Východoázijské priame investície v Českej republike. Spoločné čtry a charakteristika východoázijských priamych investícií.

Guardado en:
Detalles Bibliográficos
Autor principal: Svoboda, Luboš
Formato: Capítulo de libro
Lenguaje:checo
Materias:
Etiquetas: Agregar Etiqueta
Sin Etiquetas, Sea el primero en etiquetar este registro!

MARC

LEADER 00000naa$a2200000$$$4500
001 0086204
005 20220713131347.1
041 0 |a cze 
044 |a CZ 
245 1 0 |a Vliv východoasijských přímých investic na ekonomiku a podnikatelskou kulturu v České republice  |c Luboš Svoboda 
520 |a Korene ázijského manažmentu a podnikateľská kultúra. Podnikateľské prostredie Japonska, Číny a Kórei. Východoázijské priame investície v Českej republike. Spoločné čtry a charakteristika východoázijských priamych investícií. 
610 2 0 |a manažment 
610 2 0 |a zvyklosti kultúrne 
610 2 0 |a zvyklosti obchodné 
610 2 0 |a kultúra podnikania 
610 2 0 |a východná Ázia 
610 2 0 |a Japonsko 
610 2 0 |a Čína 
610 2 0 |a Česko 
610 2 0 |a investície priame zahraničné 
610 2 0 |a prostredie podnikateľské 
100 1 |a Svoboda, Luboš